Management Accounting Practice Manual (Record no. 5006)

MARC details
000 -LEADER
fixed length control field 00426nam a2200145Ia 4500
008 - FIXED-LENGTH DATA ELEMENTS--GENERAL INFORMATION
fixed length control field 230312s9999||||xx |||||||||||||| ||und||
082 ## - DEWEY DECIMAL CLASSIFICATION NUMBER
Classification number 658.15
Item number HAF-M
100 ## - MAIN ENTRY--PERSONAL NAME
Personal name Hafiz,Mhyuddin Tahir,Mahmood
245 #0 - TITLE STATEMENT
Title Management Accounting Practice Manual
260 ## - PUBLICATION, DISTRIBUTION, ETC.
Name of publisher, distributor, etc. Iqbal Brothers
Place of publication, distribution, etc. Lahore
Date of publication, distribution, etc. 2005
300 ## - PHYSICAL DESCRIPTION
Extent 277
546 ## - LANGUAGE NOTE
Language note Eng.
650 ## - SUBJECT ADDED ENTRY--TOPICAL TERM
Topical term or geographic name entry element Management
Form subdivision branches of accounting,objective of management accounting
942 ## - ADDED ENTRY ELEMENTS (KOHA)
Koha item type BOOK
Holdings
Withdrawn status Lost status Source of classification or shelving scheme Damaged status Not for loan Home library Current library Date acquired Total Checkouts Full call number Barcode Date last seen Price effective from Koha item type
    Dewey Decimal Classification     Superior Information Resource Center (SIRC) Superior University- Central Library Superior Information Resource Center (SIRC) Superior University- Central Library 03/13/2023   658.15 HAF-M 5074 03/13/2023 03/13/2023 BOOK

Powered by Koha